000 01197nam a2200313 i 4500
003 EG-GICUC
005 20260121101431.0
008 251205s1998 ua ||||fr|||| 000 0 ara d
040 _a EG-GICUC
_bara
_c EG-GICUC
_d EG-GICUC
_erda
041 0 _aara
082 0 4 _221
_a343.3062
_bم أ . إ
092 0 4 _221
099 _aLaw1 10 343.3062 م أ . إ 1998
100 0 _aمأمون محمد سلامة.
_eمؤلف.
245 1 2 _aالإجراءات الجنائية في التشريع المصري.
_nالجزء الأول /
_cتأليف الدكتور مأمون محمد سلامة.
264 1 _aالقاهرة :
_bدار النهضة العربية،
_c1998.
300 _a769 صفحة ؛
_c24 سم.
336 _2rda content
_atext
337 _2rda media
_aComputer
338 _2rda carrier
_aOnline Resource
504 _a. 240-220 ببليوجرافيا: صفحات.
546 _aالنص باللغة العربية
650 1 4 _aالقانون الجنائى
_2qrmak
650 1 4 _aقانون الاجراءات الجنائية
_2qrmak
651 1 _2qrmak
856 4 0 _uhttps://fll.law.cu.edu.eg/fulltext/bks/B10-05423.pdf
905 _a77
_eHassnaa
942 _2ddc
_cBK
_e21
_n0
999 _c48441
_d48441